[Event "Bad Woerishofen Seniors op 32nd"]
[Site "Bad Woerishofen"]
[Date "2016.02.28"]
[Round "3"]
[White "Weyand, Fernand"]
[Black "Schmid, Arnold"]
[Result "1-0"]
[WhiteElo "1788"]
[BlackElo "1578"]
[PlyCount "119"]
[EventDate "2016.02.26"]
[EventType "swiss"]
[EventRounds "9"]
[EventCountry "GER"]
[SourceTitle "EXT 2019"]
[Source "ChessBase"]
[SourceDate "2018.10.10"]
[SourceVersion "1"]
[SourceVersionDate "2018.10.10"]
[SourceQuality "1"]

1. e4 c6 2. d4 d5 3. e5 Bf5 4. Nc3 e6 5. h4 h6 6. g4 Bh7 7. Be3 Nd7 8. Qd2 c5 9. f4 cxd4 10. Bxd4 Be7 11. Nf3 Be4 12. Bg2 Bxf3 13. Bxf3 Bxh4+ 14. Bf2 Bxf2+ 15. Qxf2 a6 16. 0-0-0 Qb6 17. Qd2 Ne7 18. g5 Nf5 19. gxh6 Rxh6 20. Rxh6 Nxh6 21. Ne4 Nf5 22. Ng5 Qe3 23. Qxe3 Nxe3 24. Rh1 Ke7 25. Rh7 Nf5 26. Bh5 Rf8 27. c3 Nc5 28. Kd2 Ne4+ 29. Nxe4 dxe4 30. Bd1 Rd8+ 31. Ke1 g6 32. Rh3 e3 33. Rh2 Rd5 34. Re2 Rb5 35. b3 Rc5 36. c4 b5 37. Bc2 Nd4 38. Bd3 Nxe2 39. Kxe2 bxc4 40. Bxc4 a5 41. a4 Rc8 42. Kxe3 Rh8 43. Kd4 Rh4 44. Kc5 Rxf4 45. Kb5 Re4 46. Kxa5 Rxe5+ 47. Kb6 Kd6 48. a5 Rc5 49. a6 Rc6+ 50. Kb7 g5 51. a7 Rc7+ 52. Kb8 Rxa7 53. Kxa7 g4 54. b4 g3 55. Bf1 e5 56. b5 e4 57. b6 e3 58. b7 e2 59. b8Q+ Ke7 60. Qe5+ 1-0

[Event "Bad Woerishofen op 30th"]
[Site "Bad Woerishofen"]
[Date "2014.03.23"]
[Round "5"]
[White "Schmid, Arnold"]
[Black "Schwarz, Susanne"]
[Result "1-0"]
[WhiteElo "1605"]
[BlackElo "1374"]
[PlyCount "47"]
[EventDate "2014.03.21"]
[EventType "swiss"]
[EventRounds "9"]
[EventCountry "GER"]
[SourceTitle "EXT 2019"]
[Source "ChessBase"]
[SourceDate "2018.10.10"]
[SourceVersion "1"]
[SourceVersionDate "2018.10.10"]
[SourceQuality "1"]

1. e4 e6 2. d4 c5 3. c3 d5 4. e5 Nc6 5. Nf3 Be7 6. Be2 Qb6 7. a3 f6 8. b4 cxb4 9. cxb4 a6 10. Be3 Qc7 11. 0-0 fxe5 12. Nxe5 Nxe5 13. dxe5 Qxe5 14. Bd4 Qg5 15. Bh5+ Kf8 16. f4 Qh6 17. Nd2 Nf6 18. Be2 Bd7 19. Rc1 Rc8 20. Be5 Rxc1 21. Qxc1 Kf7 22. Nf3 Ne4 23. Ng5+ Nxg5 24. fxg5+ 1-0